| 000 | 00823cai a22001815a 4500 | ||
|---|---|---|---|
| 001 | E150445 | ||
| 008 | 100715u xxk g 000 0 eng d | ||
| 035 | _a(Sirsi) u150445 | ||
| 041 | 0 | _aeng | |
| 110 | 2 |
_aCommission for Architecture and the Built Environment _94058 |
|
| 245 | 0 | 0 |
_aCABE _bhousing standards _h[electronic resource] |
| 520 | _aSection of the CABE website which focusses on housing standards. Provides links to related research and a list of recommended reading. Allows users to join the debate about housing standards through leaving a comment. | ||
| 590 | _aKA | ||
| 651 | 4 |
_aEngland and Wales _y1543- |
|
| 690 | _aPROPERTY-RESIDENTIAL PROPERTY-DOMESTIC RESIDENTIAL PROPERTY-HOUSING | ||
| 856 | 4 | 0 |
_uhttps://www.cabe.org.uk/housing/standards _zView the website free of charge at www.cabe.org.uk |
| 942 | _n0 | ||
| 999 |
_c120871 _d120871 |
||